000 01032cam a2200265 a 4500
001 15615765
005 20090206192247.0
008 090206s2008 enka b 001 0 eng
010 _a 2009285058
020 _a9780521722360 (pbk.)
040 _aDLC
_cDLC
050 0 0 _aQA241
_b.D3 2008
082 _220
_a615
_bDAV
100 1 _aDavenport, Harold,
_d1907-
_93960
245 1 4 _aThe higher arithmetic :
_ban introduction to the theory of numbers /
_cH. Davenport ; editing and additional material by James H. Davenport.
250 _a8th ed.
260 _aCambridge ;
_aNew York :
_bCambridge University Press,
_c2008.
300 _aix, 239 p. :
_bill. ;
_c23 cm.
504 _aIncludes bibliographical references (p. 235-236) and index.
650 0 _aNumber theory.
_93961
700 1 _aDavenport, James Harold,
_d1953-
_93962
942 _2ddc
_cBB
999 _c11359
_d11359